İki şehrin hikayesi (Record no. 14038)

MARC details
000 -BAŞLIK
Sabit Uzunluktaki Kontrol Alanı 00501nam a22001937a 4500
003 - KONTROL NUMARASI KİMLİĞİ
Kontrol Alanı koha_MIRAKIL
005 - EN SON İŞLEM TARİHİ ve ZAMANI
Kontrol Alanı 20231213100053.0
008 - SABİT UZUNLUKTAKİ VERİ ÖGELERİ - GENEL BİLGİ
Sabit Alan 231213b |||||||| |||| 00| 0 ||| d
020 ## - ISBN - ULUSLARARASI STANDART KİTAP NUMARASI
-- 978-6-05-505646-9
040 ## - KATALOGLAMA KAYNAĞI
Özgün Kataloglama Kurumu TR-IsEVY
Kataloglama Dili tur
Çeviri Kurumu TR-IsEVY
082 ## - DEWEY ONU SINIFLAMA SİSTEMİ
Sınıflama Numarası 741.5 DIC/İ
100 ## - KİŞİ ADI
Yazar Adı (Kişi adı) Dickens, Charles.
245 #0 - ESER ADI BİLDİRİMİ
Başlık İki şehrin hikayesi
260 ## - YAYIN, DAĞITIM, VB.
Yayınevi NTV Yayınları,
Yayın Tarihi 2015
300 ## - FİZİKSEL TANIMLAMA
Sayfa, Cilt vb. 143 s.
650 ## - KONU BAŞLIĞI EK GİRİŞ - KONU TERİMİ
Konusal terim veya coğrafi ad Çizgi roman, İngiliz.
650 ## - KONU BAŞLIĞI EK GİRİŞ - KONU TERİMİ
Konusal terim veya coğrafi ad Comic books, English.
942 ## - EK GİRİŞ ÖGELERİ (KOHA)
Source of classification or shelving scheme Dewey Decimal Classification
Koha item type Kitap
Holdings
Kayıp Durumu Sınıflandırma Kaynağı Hasarlı Durumu Kalıcı Konum Mevcut Konum Kayıt Tarih Edinim Kaynağı Yer Numarası Demirbaş Numarası Son Görülme Tarihi Fatura Tarihi Materyal Türü
  Dewey Decimal Classification   LİSE KÜTÜPHANESİ LİSE KÜTÜPHANESİ 16/02/2016 Satınalma 741.5 DIC/İ 14628 13/12/2023 04/03/2020 Kitap